On the death of Lady Margaret Anstruther.

Bibliographic Details
Main Author: Ramsay, Allan, 1686-1758
Format: eBook
Language:English
Published: [Edinburgh?], [publisher not identified] ; [1728?]
Series:Eighteenth century collections online.
Online Access:Full text online

MARC

Tag First Indicator Second Indicator Subfields
LEADER 00000cam a2200000 4500
001 in00001908112
006 m | d |
007 cr |n||||||||n
008 810811s1728 stk|||| s 00||||eng d
005 20260406215220.0
035 |a (CStRLIN)ESTCT126863 
040 |a Uk-ES  |c Uk-ES  |d CStRLIN  |d Thomson Gale  |d UtOrBLW 
100 1 |a Ramsay, Allan,  |d 1686-1758. 
245 1 0 |a On the death of Lady Margaret Anstruther. 
264 1 |a [Edinburgh?],  |b [publisher not identified] ;  |c [1728?] 
300 |a 4p. ;  |c 8⁰. 
336 |a text  |b txt  |2 rdacontent 
337 |a computer  |b c  |2 rdamedia 
338 |a online resource  |b cr  |2 rdacarrier 
500 |a Signed at end: A. R., i.e. Allan Ramsay. 
500 |a Verse. 
500 |a Drop-head title. 
500 |a Reproduction of original from the British Library. 
510 4 |a Foxon,  |c R73 
510 4 |a English Short Title Catalog,  |c ESTCT126863. 
533 |a Electronic reproduction.  |b Farmington Hills, Mich. :  |c Thomson Gale,  |d 2003.  |n Available via the World Wide Web.  |n Access limited by licensing agreements  |7 s2003 miunns 
500 |a Electronic resource. 
830 0 |a Eighteenth century collections online. 
856 4 0 |u http://proxy.library.tamu.edu/login?url=https://galenet.galegroup.com/servlet/ECCO?c=1&stp=Author&ste=11&af=BN&ae=T126863&tiPG=1&dd=0&dc=flc&docNum=CW113448634&vrsn=1.0&srchtp=a&d4=0.33&n=10&SU=0LRK&locID=txshracd2898  |z Full text online  |t 0 
999 |a MARS 
999 f f |s 8d822001-9076-34a3-9953-3e251a1a7c26  |i 1422cf13-9214-321d-9e5f-d8b86147669d  |t 0 
952 f f |a Texas A&M University  |b College Station  |c Electronic Resources  |s www_evans  |d Available Online  |t 0  |h No information provided 
998 f f |t 0  |l Available Online